[Event "SUI-chT"]
[Site "Switzerland"]
[Date "1995.??.??"]
[Round "8"]
[White "Borner, Daniel"]
[Black "Benz, Rolf"]
[Result "1/2-1/2"]
[WhiteElo "2290"]
[BlackElo "2185"]
[PlyCount "81"]
[EventDate "1995.??.??"]
[EventType "team-tourn"]
[EventRounds "9"]
[EventCountry "SUI"]
[SourceTitle "CBM 049 Extra"]
[Source "ChessBase"]
[SourceDate "1996.01.01"]
[SourceVersion "1"]
[SourceVersionDate "1996.01.01"]
[SourceQuality "1"]

1. e4 e6 2. d3 d5 3. Nd2 Nf6 4. Ngf3 Nc6 5. g3 dxe4 6. dxe4 e5 7. Bg2 Bc5 8. 0-0 0-0 9. h3 h6 10. c3 Bb6 11. Qe2 Be6 12. Nc4 Bxc4 13. Qxc4 Qd6 14. Qe2 Rfd8 15. Nd2 Qd3 16. Qxd3 Rxd3 17. Nc4 Bc5 18. Ne3 Rad8 19. Re1 a6 20. Kf1 R3d7 21. Ke2 Na5 22. Rd1 Rxd1 23. Nxd1 Nc4 24. g4 g5 25. b3 Nd6 26. f3 Nde8 27. h4 Nh7 28. Ne3 Bxe3 29. Bxe3 Ng7 30. Rd1 Rxd1 31. Kxd1 Ne6 32. h5 Kf8 33. Bf1 Ke7 34. Kd2 Nhf8 35. a4 Nd7 36. a5 Kd6 37. Bc4 c6 38. b4 f6 39. Kc2 Ke7 40. Kb3 Kd6 41. Kc2 1/2-1/2